[Event "AUTO-INT-2284"]
[Site "http://www.queenalice.com/game.php?id=1044332"]
[Date "2012.3.30"]
[Round "1"]
[White "giraldes"]
[Black "tche_elvio"]
[Result "0-1"]
[WhiteElo "1654"]
[BlackElo "1571"]

1. d4 d5 2. c4 Nf6 3. Nc3 dxc4 4. Bg5 Nbd7 5. e4 h6 6. Bxf6 Nxf6 7. Bxc4 e6 8.
Nf3 Bb4 9. O-O Bxc3 10. bxc3 Nxe4 11. Qd3 Nc5 12. Qc2 Nd7 13. Rfe1 c6 14. Rad1
O-O 15. Re3 Nb6 16. Bb3 Nd5 17. Bxd5 exd5 18. c4 Bg4 19. Qe2 Re8 20. cxd5 Rxe3
21. Qxe3 Bxf3 22. Qxf3 Qxd5 23. Qxd5 cxd5 24. a4 g5 25. g4 a5 26. Rb1 Rc8 27.
Rxb7 Rc4 28. h3 Rxd4 29. Rd7 Rxa4 30. Rxd5 Ra1+ 31. Kg2 a4 32. Ra5 Kg7 33. Kg3
Ra3+ 34. f3 Kg6 35. Ra6+ f6 36. Ra5 h5 37. gxh5+ Kxh5 38. Ra6 Kg6 39. Kg4 Ra1
40. Kg3 Kf5 41. Ra5+ Kg6 42. Kg4 Rg1# 0-1

[Event "AUTO-INT-2284"]
[Site "http://www.queenalice.com/game.php?id=1044333"]
[Date "2012.3.30"]
[Round "1"]
[White "tche_elvio"]
[Black "giraldes"]
[Result "0-1"]
[WhiteElo "1613"]
[BlackElo "1624"]

1. d4 Nf6 2. c4 d5 3. e3 Bf5 4. c5 Bxb1 5. Rxb1 c6 6. Ne2 e6 7. h3 Qa5+ 8. Bd2
Qc7 9. Ng3 Nbd7 10. Be2 h5 11. O-O g6 12. Bd3 h4 13. Ne2 O-O-O 14. b4 g5 15. a4
g4 16. Ng3 gxh3 17. gxh3 hxg3 18. fxg3 Qxg3+ 19. Kh1 Rxh3# 0-1

[Event "AUTO-INT-2284"]
[Site "http://www.queenalice.com/game.php?id=1044334"]
[Date "2012.3.30"]
[Round "1"]
[White "giraldes"]
[Black "kumite"]
[Result "0-1"]
[WhiteElo "1662"]
[BlackElo "1468"]

1. d4 g6 2. e4 Nf6 3. Nc3 Bg7 4. e5 Nh5 5. Bc4 b6 6. Qf3 c6 7. Nge2 Bb7 8. d5 e6
9. dxe6 dxe6 10. Bd2 Bxe5 11. O-O-O a5 12. Be3 Nd7 13. g4 Nhf6 14. Bh6 b5 15.
Bd3 b4 16. Na4 Qe7 17. Qe3 Nxg4 18. Qb6 Nxb6 19. Nxb6 Nxf2 20. Ng3 Nxd1 21. Rxd1
Rd8 22. Ne4 b3 23. cxb3 Bd4 24. Bg5 f6 25. Bh4 Bxb6 26. a3 O-O 27. Bg3 f5 28.
Nc3 Ba6 29. Bxa6 Be3+ 30. Kc2 Rxd1 31. Kxd1 Qa7 32. Bd3 Qd7 33. Ke2 Bg5 34. h4
f4 35. Bf2 Bf6 36. Bc4 Bxc3 37. bxc3 f3+ 38. Ke1 Rf4 39. Be3 Rxh4 40. Kf2 Qd1
41. b4 Rxc4 42. Kg3 Rxc3 43. Kf2 Qe2+ 44. Kg3 Rxe3 45. Kg4 f2+ 46. Kg5 f1=Q 47.
Kh6 Qh5# 0-1

[Event "AUTO-INT-2284"]
[Site "http://www.queenalice.com/game.php?id=1044335"]
[Date "2012.3.30"]
[Round "1"]
[White "kumite"]
[Black "giraldes"]
[Result "0-1"]
[WhiteElo "1537"]
[BlackElo "1635"]

1. g3 e5 2. Bg2 Nf6 3. Nf3 Nc6 4. a4 d5 5. a5 a6 6. b3 Bg4 7. d3 Bc5 8. Ng5 Qe7
9. c4 O-O-O 10. cxd5 Nd4 11. Nc3 Bb4 12. Ba3 Bxc3+ 13. Kf1 Qd7 14. Qc1 Bxa1 15.
Qxa1 Bxe2+ 16. Ke1 Nc2+ 17. Kxe2 Nxa1 18. Rxa1 e4 19. dxe4 Rhe8 20. Kf1 Qb5+ 21.
Kg1 Ng4 22. Nxf7 Rd7 23. Ng5 h6 24. Nf3 Rxe4 25. Nd2 Re8 26. Rc1 Rxd5 27. Bxd5
Qxd5 28. Nc4 Qg5 29. h4 Qf5 30. Rf1 Re2 31. b4 Rxf2 32. Ne3 Rxf1+ 33. Nxf1 Qf2+
34. Kh1 Qxf1# 0-1

[Event "AUTO-INT-2284"]
[Site "http://www.queenalice.com/game.php?id=1044336"]
[Date "2012.3.30"]
[Round "1"]
[White "giraldes"]
[Black "Arwan"]
[Result "0-1"]
[WhiteElo "1635"]
[BlackElo "1768"]

1. d4 d5 2. c4 dxc4 3. Nc3 Nf6 4. Bg5 Bf5 5. e4 Bg6 6. Nf3 e6 7. Bxc4 Be7 8. O-O
O-O 9. Re1 Nc6 10. d5 exd5 11. exd5 Nb4 12. Nd4 h6 13. a3 Nd3 14. Bxd3 Bxd3 15.
Qxd3 hxg5 16. Rad1 Re8 0-1

[Event "AUTO-INT-2284"]
[Site "http://www.queenalice.com/game.php?id=1044337"]
[Date "2012.3.30"]
[Round "1"]
[White "Arwan"]
[Black "giraldes"]
[Result "1-0"]
[WhiteElo "1756"]
[BlackElo "1647"]

1. e4 e5 2. Nf3 Nc6 3. Bc4 Bc5 4. c3 d6 5. d4 exd4 6. cxd4 Bb4+ 7. Bd2 Bg4 8.
O-O Bxd2 9. Nbxd2 Nf6 10. Qb3 Be6 11. Bxe6 fxe6 12. Qxe6+ Ne7 13. Ng5 Rf8 14.
Ndf3 Qd7 15. Qb3 d5 16. e5 1-0

[Event "pra cima deles CEARÁ"]
[Site "http://www.queenalice.com/game.php?id=1092194"]
[Date "2012.8.11"]
[Round "-"]
[White "jw16js"]
[Black "giraldes"]
[Result "1-0"]
[WhiteElo "1548"]
[BlackElo "1592"]

1. c4 e6 2. g4 Bc5 3. Bg2 d6 4. d4 Bb4+ 5. Bd2 Nc6 6. Bxb4 a5 7. Bc3 b6 8. d5
exd5 9. cxd5 Nb4 10. Bxb4 axb4 11. Qb3 Bxg4 12. Qxb4 Nf6 13. Qb5+ Nd7 14. f3 Bf5
15. e4 Bg6 16. Qc6 O-O 17. Nc3 Ne5 18. Qb5 Qh4+ 19. Ke2 Qg5 20. Kf2 Qd2+ 21. Qe2
Qd4+ 22. Kg3 f5 23. Rd1 1-0

[Event "AUTO-ADV-2587"]
[Site "http://www.queenalice.com/game.php?id=1092213"]
[Date "2012.8.11"]
[Round "1"]
[White "DAlessandro"]
[Black "giraldes"]
[Result "1-0"]
[WhiteElo "1741"]
[BlackElo "1586"]

1. e4 d6 2. Nf3 Nc6 3. Nc3 Bg4 4. Bb5 e5 5. d3 Nf6 6. Bg5 Be7 7. O-O Qd7 8. Bxf6
Bxf6 9. Nd5 a6 10. Ba4 b5 11. Bb3 h5 12. h3 Bxf3 13. Qxf3 O-O-O 14. c4 Nd4 15.
Qd1 Bg5 16. a4 f5 17. exf5 Qxf5 18. axb5 Kb7 19. bxa6+ Ka7 20. Nxc7 h4 21. Nb5+
Nxb5 22. cxb5 d5 23. d4 e4 24. Qg4 Qxg4 25. hxg4 h3 26. g3 h2+ 27. Kh1 Be7 28.
f3 exf3 29. Rxf3 Bd6 30. Rd1 Rh3 31. Bxd5 1-0

[Event "AUTO-ADV-2587"]
[Site "http://www.queenalice.com/game.php?id=1092214"]
[Date "2012.8.11"]
[Round "1"]
[White "giraldes"]
[Black "DAlessandro"]
[Result "1-0"]
[WhiteElo "1549"]
[BlackElo "1838"]

1. d4 d5 2. c4 e6 3. Nf3 Nc6 4. Nc3 Nf6 5. Bg5 Bb4 6. e3 O-O 7. cxd5 exd5 8. Bd3
Bg4 9. h3 Bh5 10. g4 Bg6 11. Bxg6 fxg6 12. O-O a6 13. a3 Ba5 14. b4 Bb6 15. Ne5
Qd6 16. f4 Ne4 17. Nxe4 dxe4 18. Ra2 Ne7 19. Raf2 Nd5 20. f5 h6 21. Bh4 Nxe3 22.
Qb3+ Nd5 23. fxg6 Bxd4 24. Nf7 Bxf2+ 25. Rxf2 1-0

[Event "AUTO-ADV-2587"]
[Site "http://www.queenalice.com/game.php?id=1092229"]
[Date "2012.8.11"]
[Round "1"]
[White "Savage72"]
[Black "giraldes"]
[Result "1-0"]
[WhiteElo "1929"]
[BlackElo "1595"]

1. e4 d6 2. d4 e6 3. Nd2 Be7 4. Bd3 Nc6 5. Ne2 e5 6. c3 Bg4 7. f3 Bh5 8. Ng3 Bh4
9. O-O Qe7 10. Nxh5 O-O-O 11. Nc4 g5 12. Ng3 Bxg3 13. hxg3 h5 14. Be3 f6 15. d5
Nb8 16. Qb3 h4 17. gxh4 gxh4 18. Bxa7 h3 19. g3 h2+ 20. Kh1 f5 21. Na5 b6 22.
Bxb8 Kxb8 23. Nc6+ Kc8 24. Nxe7+ 1-0

[Event "AUTO-ADV-2587"]
[Site "http://www.queenalice.com/game.php?id=1092230"]
[Date "2012.8.11"]
[Round "1"]
[White "giraldes"]
[Black "Savage72"]
[Result "0-1"]
[WhiteElo "1592"]
[BlackElo "1932"]

1. d4 d5 2. c4 c6 3. Nc3 Nf6 4. Bg5 dxc4 5. e4 b5 6. a3 Bb7 7. Nf3 h6 8. Bxf6
exf6 9. e5 fxe5 10. Nxe5 Qe7 11. Be2 Nd7 12. O-O Nxe5 13. dxe5 Rd8 14. Qc2 Qxe5
15. Rfe1 Be7 16. Bf3 Qc7 17. a4 a6 18. axb5 cxb5 19. Bxb7 Qxb7 20. Rad1 Rxd1 21.
Qxd1 O-O 22. Nd5 Bc5 23. b4 Bd6 24. g3 Rd8 0-1

[Event "AUTO-ADV-2587"]
[Site "http://www.queenalice.com/game.php?id=1092239"]
[Date "2012.8.11"]
[Round "1"]
[White "Rubens2009"]
[Black "giraldes"]
[Result "1-0"]
[WhiteElo "1889"]
[BlackElo "1596"]

1. e4 d6 2. d4 e6 3. Nf3 d5 4. e5 a6 5. Bd3 Nc6 6. O-O Nge7 7. Bg5 h6 8. Bh4 g5
9. Bg3 Nf5 10. Bxf5 exf5 11. h3 g4 12. hxg4 fxg4 13. Nh2 h5 14. f3 gxf3 15. Qxf3
Be6 16. c3 Qe7 17. Qf6 Qxf6 18. exf6 O-O-O 19. Nd2 Bd6 20. Bxd6 Rxd6 21. Rf4 Rh6
22. a4 Bg4 23. Raf1 Na5 24. Nxg4 Rh7 25. Ne5 1-0

[Event "AUTO-ADV-2587"]
[Site "http://www.queenalice.com/game.php?id=1092240"]
[Date "2012.8.11"]
[Round "1"]
[White "giraldes"]
[Black "Rubens2009"]
[Result "0-1"]
[WhiteElo "1601"]
[BlackElo "1884"]

1. d4 d5 2. c4 Nf6 3. Nc3 e6 4. Bg5 Be7 5. e3 O-O 6. h4 h6 7. Bf4 c6 8. Nf3 Nh5
9. Be2 Nxf4 10. exf4 Nd7 11. c5 b6 12. cxb6 axb6 13. O-O Bxh4 14. g3 Be7 15. a3
b5 16. b4 Bf6 17. Kg2 Bb7 18. Rh1 Nb6 19. Rh2 Nc4 20. Bxc4 dxc4 21. Qd2 Be7 22.
Rah1 Rxa3 23. g4 Bxb4 24. Qb2 Rb3 25. Qc2 Rxc3 0-1

[Event "AUTO-INT-2405"]
[Site "http://www.queenalice.com/game.php?id=1092361"]
[Date "2012.8.11"]
[Round "1"]
[White "Slazenger"]
[Black "giraldes"]
[Result "1-0"]
[WhiteElo "1654"]
[BlackElo "1561"]

1. e4 d6 2. d4 Nf6 3. Nc3 Bg4 4. f3 Bh5 5. g4 Bg6 6. Bg5 Nc6 7. Nge2 e5 8. d5
Nd4 9. Nxd4 exd4 10. Ne2 Be7 11. Qxd4 Nd7 12. Qxg7 Rf8 13. Bxe7 Qxe7 14. h4
O-O-O 15. h5 Rg8 16. Qc3 Ne5 17. hxg6 hxg6 18. Nd4 f5 19. Ne6 1-0

[Event "AUTO-INT-2405"]
[Site "http://www.queenalice.com/game.php?id=1092362"]
[Date "2012.8.11"]
[Round "1"]
[White "giraldes"]
[Black "Slazenger"]
[Result "0-1"]
[WhiteElo "1574"]
[BlackElo "1641"]

1. d4 d5 2. c4 c6 3. Nc3 Nf6 4. Bg5 e6 5. c5 b6 6. cxb6 axb6 7. e3 h6 8. Bh4 g5
9. Bg3 Ne4 10. Nxe4 dxe4 11. Bxb8 Rxb8 12. Bc4 b5 13. Bb3 Bb4+ 14. Kf1 Ba6 15.
Ne2 Ba5 16. Bc2 b4 17. Bxe4 Bb5 18. b3 f5 0-1

[Event "AUTO-INT-2405"]
[Site "http://www.queenalice.com/game.php?id=1092377"]
[Date "2012.8.11"]
[Round "1"]
[White "Lazarus"]
[Black "giraldes"]
[Result "1-0"]
[WhiteElo "1634"]
[BlackElo "1616"]

1. e4 d6 2. d4 e6 3. Nf3 d5 4. Nc3 Bb4 5. Ng1 Nc6 6. Be3 Bxc3+ 7. bxc3 dxe4 8.
f3 exf3 9. Nxf3 Nf6 10. Bc4 Qe7 11. O-O Ng4 12. Qe2 e5 13. Rae1 Bf5 14. dxe5
Ncxe5 15. Nxe5 Qxe5 16. Rxf5 Qxf5 17. Bd4+ Kd8 18. Qe7+ Kc8 19. Bxf7 b6 20. Be6+
Qxe6 21. Qxe6+ 1-0

[Event "AUTO-INT-2405"]
[Site "http://www.queenalice.com/game.php?id=1092378"]
[Date "2012.8.11"]
[Round "1"]
[White "giraldes"]
[Black "Lazarus"]
[Result "0-1"]
[WhiteElo "1633"]
[BlackElo "1617"]

1. d4 d5 2. c4 Nf6 3. Nc3 Nc6 4. Nf3 g6 5. a3 Bg7 6. Bg5 O-O 7. c5 Bf5 8. e3 Qd7
9. Bb5 Rad8 10. O-O a6 11. Bxc6 Qxc6 12. b4 b6 13. Ne5 Qe6 14. h3 bxc5 15. bxc5
Ne4 16. Nxe4 Bxe4 17. g4 f5 18. gxf5 Qxf5 19. Qg4 Qxg4+ 0-1

[Event "AUTO-INT-2405"]
[Site "http://www.queenalice.com/game.php?id=1092389"]
[Date "2012.8.11"]
[Round "1"]
[White "giraldes"]
[Black "REDWOLF"]
[Result "1-0"]
[WhiteElo "1638"]
[BlackElo "1513"]

1. d4 f5 2. Bf4 Nf6 3. Nc3 e6 4. e3 Be7 5. Nf3 O-O 6. Bc4 d5 7. Bb3 Nc6 8. Qe2
Bd7 9. Ne5 a6 10. a3 Ne4 11. Nxe4 1-0

[Event "AUTO-INT-2405"]
[Site "http://www.queenalice.com/game.php?id=1092390"]
[Date "2012.8.11"]
[Round "1"]
[White "REDWOLF"]
[Black "giraldes"]
[Result "0-1"]
[WhiteElo "1502"]
[BlackElo "1649"]

1. e4 d6 2. Nf3 Nc6 3. Bc4 Bg4 4. O-O e5 5. h3 Be6 6. Bxe6 fxe6 7. d4 exd4 8.
Nxd4 Nf6 9. Nxc6 bxc6 10. Bg5 Be7 11. Nc3 d5 12. e5 Ne4 0-1

[Event "AUTO-INT-2270"]
[Site "http://www.queenalice.com/game.php?id=1116207"]
[Date "2012.10.26"]
[Round "2"]
[White "jmsteinfeld"]
[Black "giraldes"]
[Result "1-0"]
[WhiteElo "1798"]
[BlackElo "1576"]

1. e4 e5 2. Bc4 Nf6 3. d3 Bc5 4. Bg5 Nc6 5. c3 d6 6. Bxf6 Qxf6 7. Qf3 Qxf3 8.
Nxf3 Bg4 9. Nbd2 O-O-O 10. h3 Bh5 11. g4 Bg6 12. Bd5 f5 13. exf5 Be8 14. Bxc6
Bxc6 15. O-O-O h6 16. Ne4 b6 17. Nfd2 d5 18. Nxc5 bxc5 19. Rhe1 Rhe8 20. b3 d4
21. cxd4 cxd4 22. h4 a5 23. g5 hxg5 24. hxg5 a4 25. b4 Bb5 26. Ne4 a3 27. f6
gxf6 28. Nxf6 Rf8 29. Rxe5 1-0

[Event "AUTO-INT-2270"]
[Site "http://www.queenalice.com/game.php?id=1116208"]
[Date "2012.10.26"]
[Round "2"]
[White "giraldes"]
[Black "jmsteinfeld"]
[Result "0-1"]
[WhiteElo "1569"]
[BlackElo "1805"]

1. d4 d5 2. c4 Bf5 3. Nc3 dxc4 4. e4 Bg6 5. Bxc4 e6 6. Nf3 a6 7. Bf4 Bd6 8. Bxd6
Qxd6 9. Qa4+ c6 10. Qa5 Ne7 11. Qb6 O-O 12. Qxb7 Nd7 13. e5 Qb8 14. Qxb8 Nxb8
15. b3 Nd7 16. O-O Nd5 17. Bxd5 cxd5 18. Rfe1 f6 19. Rad1 fxe5 20. dxe5 Bh5 21.
Ne2 Bxf3 22. gxf3 Nxe5 23. Nd4 Nxf3+ 24. Nxf3 Rxf3 25. Rxe6 Rf5 26. a4 Kf7 27.
Re2 Rd8 0-1

[Event "Desafio"]
[Site "http://www.queenalice.com/game.php?id=1153130"]
[Date "2013.2.18"]
[Round "-"]
[White "giraldes"]
[Black "Piazzolero"]
[Result "0-1"]
[WhiteElo "1562"]
[BlackElo "1669"]

1. d4 d5 2. c4 e6 3. Nc3 dxc4 4. e4 Nc6 5. Nf3 Bb4 6. Bf4 h6 7. h4 Bd6 8. Bxc4
Bxf4 9. d5 exd5 10. exd5 Na5 11. Qe2+ Qe7 12. Qxe7+ Nxe7 13. O-O Nxc4 14. g3 Bd6
15. Rfe1 Nxb2 0-1